[Event "W-ch Disabled"]
[Site "Dresden"]
[Date "2013.10.26"]
[Round "5"]
[White "Hernandez Rojo, Flavio"]
[Black "Balakhieva, Klavdia"]
[Result "1-0"]
[WhiteElo "2097"]
[BlackElo "1802"]
[PlyCount "105"]
[EventDate "2013.10.22"]
[EventType "swiss"]
[EventRounds "7"]
[EventCountry "GER"]
[SourceTitle "CBM 157 Extra"]
[Source "ChessBase"]
[SourceDate "2013.12.19"]
[SourceVersion "1"]
[SourceVersionDate "2013.12.19"]
[SourceQuality "1"]

1. d4 d5 2. Nf3 Nc6 3. e3 a6 4. Bd3 g6 5. c3 Bd7 6. Nbd2 Bg7 7. b4 e5 8. e4 Bg4 9. h3 Bxf3 10. Nxf3 exd4 11. cxd4 dxe4 12. Bxe4 Qe7 13. Qd3 Nxb4 14. Qe3 0-0-0 15. Bb2 Bh6 16. Qe2 f5 17. Bxb7+ Kxb7 18. Ne5 Nd5 19. 0-0 Nf4 20. Qf3+ Nd5 21. Rab1 Qe6 22. Qb3+ Qb6 23. Qxb6+ cxb6 24. Nf7 Rd7 25. Nxh8 Bg7 26. Nxg6 hxg6 27. Rfe1 Nb4 28. Re8 Nf6 29. Re6 g5 30. a3 Nbd5 31. Re5 g4 32. Rxf5 gxh3 33. gxh3 Bf8 34. Rd1 Bd6 35. Bc1 Rg7+ 36. Kf1 Bh2 37. Bg5 Rg6 38. h4 Bc7 39. a4 Bf4 40. Bxf4 Rg4 41. Bg3 Kc6 42. Rc1+ Kd7 43. Be5 Rxh4 44. Ke2 Ke6 45. Rxf6+ Nxf6 46. Rc6+ Kd5 47. Rxf6 b5 48. axb5 a5 49. b6 a4 50. b7 Rh8 51. b8Q Rxb8 52. Bxb8 a3 53. Ra6 1-0

[Event "W-ch Disabled"]
[Site "Dresden"]
[Date "2013.10.22"]
[Round "1"]
[White "Chernov, Igor"]
[Black "Hernandez Rojo, Flavio"]
[Result "1/2-1/2"]
[WhiteElo "2086"]
[BlackElo "2097"]
[PlyCount "67"]
[EventDate "2013.10.22"]
[EventType "swiss"]
[EventRounds "7"]
[EventCountry "GER"]
[SourceTitle "CBM 157 Extra"]
[Source "ChessBase"]
[SourceDate "2013.12.19"]
[SourceVersion "1"]
[SourceVersionDate "2013.12.19"]
[SourceQuality "1"]

1. d4 b6 2. e4 Bb7 3. Nc3 e6 4. Be3 g6 5. Qd2 Bg7 6. h3 h6 7. 0-0-0 d6 8. f4 Ne7 9. Nf3 a6 10. Bd3 Nd7 11. f5 exf5 12. exf5 g5 13. g4 Bxf3 14. Be4 Bxe4 15. Nxe4 d5 16. Nxg5 hxg5 17. f6 Bxf6 18. Rde1 Rg8 19. Rhf1 Rg6 20. h4 gxh4 21. g5 Bh8 22. Qf2 Bf6 23. Qxh4 Nf8 24. gxf6 Nc8 25. Bg5+ Ne6 26. Rxe6+ Kd7 27. Re7+ Nxe7 28. fxe7 Qh8 29. Qg4+ Re6 30. Rxf7 Qh1+ 31. Kd2 Qe1+ 32. Kd3 Qe4+ 33. Qxe4 dxe4+ 34. Ke3 1/2-1/2

[Event "MEX-ch"]
[Site "Hermosillo"]
[Date "2003.12.05"]
[Round "7"]
[White "Gomez Quezada, Juan"]
[Black "Hernandez Rojo, Flavio"]
[Result "0-1"]
[WhiteElo "2222"]
[BlackElo "1982"]
[PlyCount "78"]
[EventDate "2003.12.01"]
[EventType "swiss"]
[EventRounds "9"]
[EventCountry "MEX"]
[SourceTitle "CBM 097 Extra"]
[Source "ChessBase"]
[SourceDate "2004.01.13"]
[SourceVersion "1"]
[SourceVersionDate "2004.01.13"]
[SourceQuality "1"]

1. e4 e5 2. Nf3 Nf6 3. Nxe5 d6 4. Nf3 Nxe4 5. Qe2 Qe7 6. d3 Nf6 7. Bg5 Nbd7 8. Nc3 h6 9. Bd2 Qxe2+ 10. Bxe2 Be7 11. 0-0-0 Ne5 12. Rhe1 0-0 13. Bf1 Re8 14. d4 Ned7 15. g4 Nb6 16. g5 hxg5 17. Nxg5 Bf5 18. h3 c6 19. b3 d5 20. Kb2 Bd6 21. Bd3 Bxd3 22. cxd3 Rxe1 23. Rxe1 Re8 24. Rxe8+ Nxe8 25. Ne2 Nd7 26. b4 g6 27. a4 Ng7 28. Kb3 Nf5 29. Nf3 f6 30. b5 Kf7 31. Bb4 cxb5 32. axb5 Bxb4 33. Kxb4 g5 34. Ng3 Nd6 35. Nf1 Ke6 36. Ne3 Nf5 37. Kc3 Nf8 38. Ng2 Ng6 39. Kd2 Nd6 0-1

[Event "MEX-ch"]
[Site "Hermosillo"]
[Date "2003.12.05"]
[Round "8"]
[White "Hernandez Rojo, Flavio"]
[Black "Aldama Degurnay, Dionisio"]
[Result "0-1"]
[WhiteElo "1982"]
[BlackElo "2141"]
[PlyCount "70"]
[EventDate "2003.12.01"]
[EventType "swiss"]
[EventRounds "9"]
[EventCountry "MEX"]
[SourceTitle "CBM 097 Extra"]
[Source "ChessBase"]
[SourceDate "2004.01.13"]
[SourceVersion "1"]
[SourceVersionDate "2004.01.13"]
[SourceQuality "1"]

1. Nf3 Nf6 2. c4 e6 3. g3 b6 4. Bg2 Bb7 5. 0-0 d5 6. d4 Nbd7 7. cxd5 exd5 8. Bf4 Be7 9. Nc3 0-0 10. Rc1 c5 11. Qc2 a6 12. a3 Re8 13. dxc5 bxc5 14. Rfd1 d4 15. Nb1 Be4 16. Qa4 Nd5 17. Nbd2 N7b6 18. Qa5 Nxf4 19. gxf4 Bd5 20. e4 Bb7 21. b4 cxb4 22. axb4 Bf8 23. Ne5 Re6 24. Ndf3 Rc8 25. Rxc8 Qxc8 26. Ng5 Qc2 27. Qa1 Rf6 28. Nexf7 Rxf4 29. Qxd4 Nd5 30. Nd8 Nc3 31. Bf1 Ne2+ 32. Bxe2 Qxe2 33. Nxb7 Rg4+ 34. Kh1 Rxg5 35. Qd3 Qg4 0-1

[Event "MEX-ch"]
[Site "Hermosillo"]
[Date "2003.12.03"]
[Round "3"]
[White "Blanco Fernandez, Alvaro"]
[Black "Hernandez Rojo, Flavio"]
[Result "1/2-1/2"]
[WhiteElo "2390"]
[BlackElo "1982"]
[PlyCount "58"]
[EventDate "2003.12.01"]
[EventType "swiss"]
[EventRounds "9"]
[EventCountry "MEX"]
[SourceTitle "CBM 097 Extra"]
[Source "ChessBase"]
[SourceDate "2004.01.13"]
[SourceVersion "1"]
[SourceVersionDate "2004.01.13"]
[SourceQuality "1"]

1. d4 Nf6 2. c4 d6 3. Nc3 Nbd7 4. e4 e5 5. Nf3 Be7 6. Be2 0-0 7. 0-0 c6 8. Re1 Re8 9. Bf1 Qc7 10. Rb1 a5 11. h3 Nf8 12. Be3 Ng6 13. Qc2 Nh5 14. dxe5 dxe5 15. Na4 Be6 16. Nd2 Nhf4 17. Nb3 Bb4 18. Red1 Qe7 19. c5 Qg5 20. Kh2 Nh4 21. Bxf4 Qxf4+ 22. g3 Bxb3 23. axb3 Nf3+ 24. Kg2 Qf6 25. Nb6 Rad8 26. Na4 Rxd1 27. Qxd1 Nd4 28. Bc4 g6 29. Qd3 Rd8 1/2-1/2